| 000 | 02052cam a22002898i 4500 | ||
|---|---|---|---|
| 942 | _cBK | ||
| 999 |
_c707 _d707 |
||
| 001 | 19370063 | ||
| 003 | OSt | ||
| 005 | 20250420134822.0 | ||
| 008 | 161108t20172017flu b 001 0 eng c | ||
| 010 | _a 2016049574 | ||
| 020 |
_a9781482259070 _q(pbk. ; _qalk. paper) |
||
| 040 |
_aOU/DLC _beng _erda _cKCST |
||
| 050 | 0 | 0 |
_aQC176.8.N35 _bP47 2017 |
| 082 | 0 | 0 |
_a500 _223 |
| 100 | 1 |
_aPetersen, Nils O., _eauthor. _95392 |
|
| 245 | 1 | 0 |
_aFoundations for nanoscience and nanotechnology / _cNils O. Petersen. |
| 260 | 1 |
_aBoca Raton, FL : _bCRC Press, Taylor & Francis Group, _c[2017] |
|
| 263 | _a1704 | ||
| 300 | _a344 p. | ||
| 504 | _aIncludes bibliographical references and index. | ||
| 505 | 0 | _aWhy study the foundations for nanoscience and nanotechnology? -- Time-dependent and time-independent Schrödinger equations -- Solving the time-independent Schrödinger equation -- Applications to systems with many electrons -- The basics of thermodynamics -- Surface thermodynamics -- The work function -- Understanding interactions between surfaces -- Basic statistical concepts -- Partition functions -- Fluctuations in closed and open systems -- Measuring concentration changes -- The principles of absoption and emission of light -- Molecular spectroscopy -- Application of fluorescence microscopy -- Optical properties of relevance to nanomaterials -- Epilogue and acknowledgments -- Problems and references. | |
| 520 |
_a"This book acts as a stepping-stone to working in or understanding a new world in nanoscience and nanotechnology, opening the door for students and practitioners to develop projects that depend on this understanding. The book can be used at three levels: as an introduction to the nanoscale world, as a resource for understanding the foundations, thereby allowing for moving forward to working in this area, and as a source of recent research in the areas that illustrate foundational principles"-- _cProvided by publisher. |
||
| 650 | 0 |
_aNanoscience. _91616 |
|
| 650 | 0 |
_aNanotechnology. _91122 |
|
| 942 | _2ddc | ||